Género y poder entre los mayos rebeldes de Yucatán : Tulum y la dualidad a través del tiempo /

Gorde:
Xehetasun bibliografikoak
Egile nagusia: Santana Rivas, Landy (autor)
Formatua: Liburua
Hizkuntza:gaztelania
Argitaratua: Mérida, México : Universidad Autónoma de Yucatán, 2007, c2007
Gaiak:
Etiketak: Etiketa erantsi
Etiketarik gabe, Izan zaitez lehena erregistro honi etiketa jartzen!

MARC

LEADER 00000nam^a2200000^a^4500
001 000595868
005 20250521000000.0
009 20260310133055.635
020 |a 970-698-147-0 
020 |a 978-970-698-147-9 
037 |a Acervo ITESO - Biblioteca 
041 |a ESP 
082 |a 972. 604  |b SAN 
100 |a Santana Rivas, Landy  |e (autor) 
245 1 0 |a Género y poder entre los mayos rebeldes de Yucatán :  |b Tulum y la dualidad a través del tiempo /  |c L. Santana Rivas, G. Rosado Rosado. 
264 4 |a Mérida, México :  |b Universidad Autónoma de Yucatán,  |c 2007, c2007 
300 |a 178 p. 
336 |a texto  |b txt  |2 rdacontenido 
337 |a sin mediación  |b n  |2 rdamedio 
338 |a volumen  |b nc  |2 rdasoporte 
521 |a FIL 2024 DIA 
649 |a XX 
650 |a Religiosos Mayas -  |z Yucatán (Península) -  |x Historia -  |y Siglo XIX 
650 |a Religiosos Mayas -  |z México -  |x Historia -  |y Siglo XIX 
650 |a Religiosos Indígenas -  |z Yucatán (Península) -  |x Historia -  |y Siglo XIX 
650 |a Religiosos Indígenas -  |z México -  |x Historia -  |y Siglo XIX 
650 |a Mujeres Mayas -  |z Yucatán (Península) -  |x Historia -  |y Siglo XIX -  |x Tema Principal 
650 |a Mujeres Mayas -  |z México -  |x Historia -  |y Siglo XIX 
650 |a Mujeres Indígenas -  |z Yucatán (Península) -  |x Historia -  |y Siglo XIX 
650 |a Mujeres Indígenas -  |z México -  |x Historia -  |y Siglo XIX 
650 |a Mayas -  |z Yucatán (Península) -  |x Historia -  |y Siglo XIX 
650 |a Mayas -  |z México -  |x Historia -  |y Siglo XIX 
650 |a Indígenas de México -  |z Yucatán (Península) -  |x Historia -  |y Siglo XIX 
650 |a Indígenas de México -  |x Historia -  |y Siglo XIX 
650 |a Género -  |z Yucatán (Península) -  |x Historia -  |y Siglo XIX -  |x Tema Principal 
650 |a Género -  |z México -  |x Historia -  |y Siglo XIX 
650 |a Poder Político -  |z Yucatán (Península) -  |x Historia -  |y Siglo XIX 
650 |a Poder Político -  |z México -  |x Historia -  |y Siglo XIX 
650 |a Guerra y Religión -  |z Yucatán (Península) -  |x Historia -  |y Siglo XIX 
650 |a Guerra y Religión -  |z México -  |x Historia -  |y Siglo XIX 
650 |a Política y Religión -  |z Yucatán (Península) -  |x Historia -  |y Siglo XIX 
650 |a Política y Religión -  |z México -  |x Historia -  |y Siglo XIX 
650 |a Sincretismo -  |z Yucatán (Península) -  |x Historia -  |y Siglo XIX 
650 |a Sincretismo -  |z México -  |x Historia -  |y Siglo XIX 
650 |a Guerra de Castas -  |x Historia -  |x Tema Principal 
650 |a Felipe Carrillo Puerto, Quintana Roo -  |x Historia -  |y Federalismo y Centralismo, 1846-1853 
650 |a Felipe Carrillo Puerto, Quintana Roo -  |x Historia -  |y Constitución y Reforma,  |y 1855-1863 
650 |a Felipe Carrillo Puerto, Quintana Roo -  |x Historia -  |y Constitución y Reforma,  |y Siglo XIX 
650 |a Tulum, Quintana Roo -  |x Historia -  |y Constitución y Reforma, 1855-1863 
650 |a Tulum, Quintana Roo -  |x Historia -  |y Intervención y Segundo Imperio, 1861-1867 
650 |a Tulum, Quintana Roo -  |x Historia -  |y Porfirismo, 1876-1911 
650 |a Tulum, Quintana Roo -  |x Historia -  |y República Liberal, 1867-1911 
650 |a Tulum, Quintana Roo -  |x Historia -  |y Siglo XIX 
650 |a Yucatán -  |x Historia -  |y Federalismo y Centralismo, 1846-1853 
650 |a Yucatán -  |x Historia -  |y Siglo XIX 
650 |a Quintana Roo -  |x Historia -  |y Federalismo y Centralismo, 1846-1853 
650 |a Quintana Roo -  |x Historia -  |y Constitución y Reforma, 1855-1863 
650 |a Quintana Roo -  |x Historia -  |y Federalismo y Centralismo, 1846-1853 
650 |a Quintana Roo -  |x Historia -  |y Intervención y Segundo Imperio, 1861-1867 
650 |a Quintana Roo -  |x Historia -  |y Porfirismo, 1876-1911 
650 |a Quintana Roo -  |x Historia -  |y República Liberal, 1867-1911 
650 |a Quintana Roo -  |x Historia -  |y Siglo XIX 
650 |a Yucatán (Península) -  |x Historia -  |y Federalismo y Centralismo, 1846-1853 
650 |a Yucatán (Península) -  |x Historia -  |y Constitución y Reforma, 1855-1863 
650 |a Yucatán (Península) -  |x Historia -  |y Federalismo y Centralismo, 1846-1853 
650 |a Yucatán (Península) -  |x Historia -  |y Intervención y Segundo Imperio, 1861-1867 
650 |a Yucatán (Península) -  |x Historia -  |y Porfirismo, 1876-1911 
650 |a Yucatán (Península) -  |x Historia -  |y República Liberal, 1867-1911 
650 |a Yucatán (Península) -  |x Historia -  |y Siglo XIX -  |x Tema Principal 
650 |a México -  |x Historia -  |y Federalismo y Centralismo, 1846-1853 
650 |a México -  |x Historia -  |y Constitución y Reforma, 1855-1863 
650 |a México -  |x Historia -  |y Intervención y Segundo Imperio, 1861-1867 
650 |a México -  |x Historia -  |y Porfirismo, 1876-1911 
650 |a México -  |x Historia -  |y República Liberal, 1867-1911 
650 |a México -  |x Historia -  |y Siglo XIX 
650 |a Nauta, Hilaria 
650 |a Uicab, María 
910 |a Fondo General 
920 |a Impresos - Libros 
930 |a Colección General 
905 |a 101 
901 |a 595868-10  |b IT1  |c ACC  |i C189092  |u 20250521 
902 |a https://opac.biblio.iteso.mx/vufind/Record/000595868